Video Games by Year: 2022 - Statistics

General Stats
  • This quiz has been taken 162 times
  • The average score is 6 of 16
Answer Stats
Picture Answer % Correct
Elden Ring
95%
God of War: Ragnarok
95%
Overwatch 2
84%
Stray
83%
Sifu
46%
High on Life
38%
The Quarry
36%
A Plague Tale: Requiem
34%
Saints Row
30%
Ghostwire: Tokyo
23%
Dying Light 2
21%
Scorn
20%
The Dark Pictures Anthology: The Devil in Me
12%
Nobody Saves the World
10%
As Dusk Falls
4%
Infernax
1%
No matching quizzes found
Score Distribution
Percent of People with Each Score
Percentile by Number Answered
Your Score History
You have not taken this quiz